[Event "RUS-chT Premier League 2018"]
[Site "Sochi"]
[Date "2018.05.07"]
[Round "6"]
[White "Khismatullin, Denis"]
[Black "Potkin, Vladimir"]
[Result "0-1"]
[WhiteElo "2632"]
[BlackElo "2574"]
[Annotator "TA"]
[PlyCount "72"]
[EventDate "2018.??.??"]
[EventCountry "RUS"]
[SourceTitle "playchess.com"]
[Source "ChessBase"]
[SourceQuality "1"]

{[%evp 19,72,10,6,-50,-43,-45,-35,-40,-37,-42,-31,-34,-46,-56,-36,-32,-40,-40,-56,-39,-43,-39,0,0,0,0,0,0,0,-13,-9,-18,-25,-41,-19,-52,-43,-61,-55,-103,-103,-103,-103,-135,-112,-96,-83,-131,-131,-132,-118,-1012,-876,-1171,-1196]} 1. d4 d5 2. c4 c6 3. Nf3 Nf6 4. Nc3 e6 5. g3 dxc4 6. Bg2 Nbd7 7. O-O Be7 8. e4 O-O 9. Bf4 Nh5 {E07: Closed Catalan: Main Line (5 Nf3 0-0 6 0-0 Nbd7)} (9... Re8 10. a4 b6 11. Qe2 Ba6 12. Rfd1 Bb4 13. Ne1 Qc8 14. Nc2 Bf8 15. Ne3 e5 16. dxe5 Nxe5 17. Bxe5 Rxe5 {0-1 (53) Tomashevsky,E (2728)-Ding,L (2766) Wijk aan Zee 2016}) 10. Be3 Nhf6 {LiveBook: 20 Games} 11. h3 (11. a4 $11) 11... b5 $15 {Black is slightly better.} 12. d5 cxd5 13. exd5 exd5 {[#]} 14. Nxd5 $146 ({Predecessor:} 14. Nd4 Bb7 15. Ncxb5 a6 16. Nc3 g6 17. Nde2 Ne5 18. Nf4 Qd6 19. Bd4 {½-½ (21) Ulybin,M (2538)-Abramovic,B (2464) Paracin 2011}) 14... Bb7 15. Nxe7+ Qxe7 16. Re1 Qb4 17. a4 a6 18. Qd2 Qxd2 19. Bxd2 Nc5 20. Bb4 Nd3 (20... Rfc8 {with more complications.} 21. Bxc5 Rxc5 22. axb5 axb5 23. Nd4 Bxg2 24. Kxg2 Rac8) 21. Bxf8 Nxe1 ({Of course not} 21... Kxf8 $6 {[#]} 22. axb5 $1 {[%mdl 512]} axb5 23. Rxa8+ Bxa8 24. Re2 $16) 22. Nxe1 Bxg2 23. Bxg7 Kxg7 24. Kxg2 $11 {[%mdl 4096] Endgame aiming for axb5. KRN-KRN} Re8 25. axb5 axb5 26. Kf1 Rd8 27. Nf3 Ne4 28. Ra5 Rd3 29. Ke2 Rb3 30. Nd4 Rxb2+ 31. Ke3 Nxf2 {White must now prevent ...Nd1+.} 32. Nxb5 Nxh3 {Threatens to win with ...Rb3+.} 33. Nd4 Rg2 34. Nf5+ Kf6 {And now ...c3 would win.} 35. Kf3 $2 {[%mdl 8192]} (35. Kd4 $17) 35... Rf2+ $19 36. Kg4 {[#]} h5+ $1 {Precision: White = 49%, Black = 89%.} 0-1

[Event "RUS-chT Premier League 2018"]
[Site "Sochi"]
[Date "2018.05.07"]
[Round "6"]
[White "Lysyj, Igor"]
[Black "Pershin, Denis"]
[Result "1/2-1/2"]
[WhiteElo "2630"]
[BlackElo "2392"]
[Annotator "TA"]
[PlyCount "146"]
[EventDate "2018.??.??"]
[EventCountry "RUS"]
[SourceTitle "playchess.com"]
[Source "ChessBase"]
[SourceQuality "1"]

{[%evp 18,146,0,0,14,14,11,-2,0,-25,-29,0,-10,-29,0,0,0,0,59,21,12,35,16,16,57,45,88,18,27,33,76,77,104,107,281,286,548,97,97,97,84,63,149,84,75,85,72,29,29,33,33,33,27,33,31,16,15,9,13,6,27,28,59,31,38,0,60,25,26,26,25,27,33,19,18,16,11,6,12,9,62,28,28,8,40,24,160,145,170,171,171,166,173,146,279,270,263,254,226,0,254,246,246,22,392,392,377,377,314,16,16,16,16,20,20,8,13,8,8,8,8,8,8,8,8,0,0,0,8,0,8]} 1. Nf3 d5 2. g3 Nf6 3. Bg2 Bg4 4. O-O c6 5. h3 Bxf3 6. Bxf3 Nbd7 {A07: Réti Opening: New York and Capablanca Systems} (6... e5 7. d3 Bd6 8. e4 O-O 9. Nc3 Bb4 10. Bd2 dxe4 11. dxe4 Nbd7 12. a3 Be7 13. Kg2 Nc5 14. b4 {0-1 (85) Yu,Y (2751)-Andreikin,D (2712) Huaian 2017}) 7. d4 e5 8. c4 dxc4 9. Nd2 exd4 10. Nxc4 {LiveBook: 3 Games} Nb6 11. Qb3 Be7 $146 ({Predecessor:} 11... Nxc4 12. Qxc4 Qb6 13. Rd1 Rd8 {½-½ (45) Sychev,K (2529)-Popov,I (2608) Moscow 2018}) 12. a4 O-O 13. a5 Nxc4 14. Qxc4 Qd7 15. a6 b5 16. Qxc6 Qxh3 17. Bg5 Qf5 (17... Rae8 $11) 18. Bxf6 Bxf6 19. Rac1 Rae8 20. Rc5 Re5 21. Rxe5 Bxe5 {[#]} 22. Rc1 (22. Qc5 $1 $16) 22... d3 23. Be4 Qg5 24. Bxd3 Bxb2 25. Rc5 Qg4 $2 (25... Qf6 $16 {might work better.}) 26. Rxb5 $18 (26. Qxb5 Bd4 $14) 26... Rc8 $2 (26... Bf6 27. Rb7 Be5) 27. Qe4 $2 (27. Qd6 $18 {has better winning chances.}) 27... Qxe4 $16 28. Bxe4 {[%mdl 4096] Endgame KRB-KRB} Bd4 29. Rb7 Kf8 (29... f6 $14) 30. Bd5 ({Stronger than} 30. Bxh7 g6 $17) (30. e3 $142 Bc5 31. Bd5 (31. Bxh7 $2 g6 $19)) 30... Rc5 31. Rxf7+ Ke8 32. Bb3 Rc3 $1 {[%cal Rc3g3]} 33. Rb7 {Strongly threatening e3.} Rxg3+ $1 34. Kf1 Rg5 35. e3 Bc5 36. Ke2 h5 37. Be6 Re5 38. Bf7+ (38. Ba2 {with more complications.} Re7 39. Rb8+ Kd7 40. Rh8 Re5 41. Bf7) 38... Kd8 39. Bg6 Re7 40. Rb5 Re5 41. Rb7 Re7 42. Rb8+ Kc7 43. Rh8 Re6 44. Bxh5 Ba3 45. Bg4 Rxa6 46. Rc8+ Kd6 47. Re8 Ra5 48. f4 g5 (48... Bc5 $11) 49. f5 Re5 50. Rc8 {Threatens to win with f6.} Ke7 51. Kd3 Bd6 (51... Rb5 $11 {keeps the balance.}) 52. Rc6 Rd5+ 53. Ke4 Rd2 54. Ra6 Kf6 55. Bh5 ({But not} 55. Rxa7 Be7 $16) 55... g4 (55... Kg7 $16 {is a better defense.} 56. Rxa7+ Kh6) 56. Bxg4 $18 Kg5 57. Bf3 Kf6 58. Bg4 Kg5 {[#]} 59. Be2 $1 {[%mdl 512]} Kh4 (59... Rxe2 60. Rxd6) 60. f6 $2 ({And not} 60. Rxa7 Rxe2 61. f6 Kg5 $11) (60. Bd3 $18 Bf8 61. Rxa7) 60... Bc5 $2 {[%mdl 8192]} (60... Rxe2 $11 61. Rxd6 Kg5) 61. Ra5 Bf8 62. Bc4 Rf2 63. Ke5 $2 (63. f7 $18) 63... Bb4 $11 {The position is equal.} 64. Rxa7 {Black must now prevent f7.} Bc3+ 65. Ke4 Bxf6 66. Ra5 Bg5 67. Ra1 Rh2 68. Be6 Re2 69. Rh1+ Kg3 70. Rg1+ Kh4 71. Kf5 {aiming for Rg4+.} Rf2+ 72. Ke4 Re2 73. Rh1+ Kg3 {Precision: White = 40%, Black = 42%.} 1/2-1/2

[Event "RUS-chT Premier League 2018"]
[Site "Sochi"]
[Date "2018.05.07"]
[Round "6"]
[White "Alekseenko, Kirill"]
[Black "Chernobay, Artem"]
[Result "1/2-1/2"]
[WhiteElo "2625"]
[BlackElo "2510"]
[Annotator "TA"]
[PlyCount "99"]
[EventDate "2018.??.??"]
[EventCountry "RUS"]
[SourceTitle "playchess.com"]
[Source "ChessBase"]
[SourceQuality "1"]

{[%evp 14,99,58,29,31,27,36,32,29,0,0,0,0,0,0,-17,0,0,0,-7,0,-56,-69,-85,0,0,0,0,0,-24,0,-30,0,0,0,0,0,0,7,-7,-7,-7,-4,-7,0,-26,-8,-8,-11,-33,-33,-92,-120,-87,-97,-118,-137,-132,-108,-141,-15,-15,-15,-13,-15,-25,0,0,0,0,0,0,0,0,0,0,8,8,10,14,8,0,0,0,0,0,0,0]} 1. e4 c5 2. Nf3 Nf6 3. e5 Nd5 4. Nc3 Nxc3 5. dxc3 Nc6 6. Qe2 {B29: Sicilian: 2 Nf3 Nf6 (Nimzowitsch Variation)} (6. Bc4 e6 7. Bf4 Qb6 8. Nd2 Qxb2 9. Ne4 Qb6 10. Qg4 Na5 11. Be2 Qb2 12. O-O Qxc2 13. Qf3 Qa4 14. Rab1 a6 15. Rfd1 {1-0 (27) Amin,B (2693)-Gordievsky,D (2622) Wijk aan Zee 2018}) 6... e6 7. Bf4 Qc7 8. O-O-O {LiveBook: 8 Games. White is slightly better.} a6 9. Kb1 $146 ({Predecessor:} 9. Qe3 b5 10. Bd3 Bb7 11. Be4 h6 12. h4 O-O-O 13. Rd2 Na5 14. b3 {1-0 (45) Donko,M (1980)-Lazar,J (2194) Hungary 2009}) 9... b5 10. h4 Bb7 11. c4 bxc4 12. Qxc4 Nb4 13. a3 Nd5 $1 14. Bc1 Bc6 15. Qd3 Rb8 16. c4 Ne7 17. Rh3 (17. h5 $1 $11) 17... h5 $15 18. Qc3 Be4+ (18... g6 $17) 19. Bd3 $11 Bxd3+ 20. Qxd3 Nf5 21. Rhh1 Be7 22. Bd2 Rb7 (22... O-O {seems wilder.} 23. Bc3 Rfd8 24. Rhg1 d6 25. Qc2 Qc6) 23. Qe4 O-O 24. Ba5 Qb8 $40 {[%mdl 128] Black attacks.} 25. Rd2 d6 26. Bc3 Rb3 27. Ka2 Qb7 28. Qc2 Rb8 29. Rhd1 {[%cal Re5d6]} d5 ({Don't play} 29... Nxh4 $6 30. exd6 Nxf3 31. gxf3 $16) 30. cxd5 exd5 {Hoping for ...d4.} 31. Rxd5 Nd4 $1 {[%cal Rd4c2]} 32. Nxd4 ({Better is} 32. R5xd4 $1 $15 cxd4 33. Nxd4) 32... Rxc3 $1 $17 33. bxc3 Qxd5+ 34. c4 Qxg2 35. Nf5 Bf8 $1 36. Rd3 g6 (36... Qe4 37. Nh6+ $1 {[%mdl 512]} Kh7 38. Nxf7 $16) ({Black should try} 36... Qh2 $17 37. Rg3 Rb6) 37. e6 $1 $11 {[%cal Re6e7] Strongly threatening e7.} Qe4 38. Nh6+ $1 Kg7 ({Not} 38... Bxh6 $2 {[#]} 39. Rd8+ $1 {[%mdl 512]} Rxd8 40. Qxe4 $18) 39. Nxf7 {Qc3+ would kill now.} Qxe6 40. Ng5 $1 {The position is equal.} Qf5 41. Qe2 Kg8 42. Rb3 Rd8 43. Rb7 Qf6 44. f4 Rd4 45. Ne6 Rd6 46. Nxf8 ({Reject} 46. Nxc5 Qxf4 47. Rb2 Qxh4 $17) 46... Kxf8 47. Qe3 Rd4 $1 48. Rb8+ Kg7 49. Rb7+ Kf8 50. Rb8+ {Precision: White = 56%, Black = 68%.} 1/2-1/2

[Event "RUS-chT Premier League 2018"]
[Site "Sochi"]
[Date "2018.05.07"]
[Round "6"]
[White "Zvjaginsev, Vadim"]
[Black "Gutenev, Alexander"]
[Result "1-0"]
[WhiteElo "2625"]
[BlackElo "2474"]
[Annotator "TA"]
[PlyCount "93"]
[EventDate "2018.??.??"]
[EventCountry "RUS"]
[SourceTitle "playchess.com"]
[Source "ChessBase"]
[SourceQuality "1"]

{[%evp 20,93,22,29,50,51,42,39,43,14,34,43,34,12,15,0,14,0,33,0,0,-35,29,29,29,23,17,20,28,30,23,-6,0,0,39,35,37,21,73,62,66,64,80,75,68,63,71,63,116,109,116,70,164,171,262,251,304,314,357,350,442,443,464,467,460,468,603,592,750,661,679,672,654,657,607,628]} 1. Nf3 Nf6 2. g3 g6 3. Bg2 Bg7 4. O-O O-O 5. d4 d5 6. c3 c6 7. Nbd2 Nbd7 8. Re1 Re8 9. e4 {D02: 1 d4 d5 2 Nf3 sidelines, including 2...Nf6 3 g3 and 2...Nf6 3 Bf4} dxe4 10. Nxe4 Nxe4 11. Rxe4 {LiveBook: 11 Games. The position is equal.} c5 12. Re1 cxd4 13. Nxd4 a6 $146 14. Nc2 Qc7 15. Nb4 Nf6 16. Bg5 Be6 17. Rxe6 fxe6 18. Qb3 a5 19. Bf4 Qb6 20. Re1 Kh8 (20... Ng4 $15 21. Nd3 Qxb3 22. axb3 Rad8) 21. Rxe6 $11 Qb5 22. a4 Qf5 23. Nc2 Nd7 {[%cal Bf6d7,Bd7c5,Bc5d3,Bd3c1][%mdl 32] Strongly threatening ...Nc5.} 24. Re2 Nc5 25. Qc4 Rac8 26. Be3 Qd3 27. Qxd3 Nxd3 28. Na3 Rc7 (28... Red8 $11 {remains equal.}) 29. Bb6 {[%mdl 1024] White has strong compensation.} Rd7 $1 30. Nc4 Nc1 {[#]} 31. Re1 $1 {[%cal Re1c1]} Nb3 32. h4 $36 {[%mdl 2048] White is pushing.} Bf6 33. Bh3 ({Don't play} 33. Nxa5 $6 Nxa5 34. Bxa5 Ra8 $11) 33... Rd5 {[#]} (33... e6 $14) 34. Be6 $1 $16 {[%cal Re6d5]} Rd3 35. Kg2 Ra8 (35... Kg7 $1 $14) 36. Ne5 $18 Bxe5 (36... Rd2 $142) 37. Rxe5 (37. Bxb3 Bf6 $14) 37... Nd2 38. Re3 ({Less strong is} 38. Bxa5 Kg7 $16) ({Weaker is} 38. Rxa5 Rxa5 39. Bxa5 Rd6 $16) 38... Rd6 39. Bc7 Raa6 40. Ba2 {White is clearly winning.} e6 41. Bxd6 Rxd6 42. Rxe6 Rxe6 43. Bxe6 {KB-KN} Ne4 {Black hopes to continue with ...Nc5.} 44. Bd5 Nc5 45. b4 axb4 46. cxb4 Nxa4 47. Bxb7 {Precision: White = 70%, Black = 44%.} 1-0

[Event "RUS-chT Premier League 2018"]
[Site "Sochi"]
[Date "2018.05.07"]
[Round "6"]
[White "Paravyan, David"]
[Black "Bocharov, Dmitry"]
[Result "1-0"]
[WhiteElo "2620"]
[BlackElo "2594"]
[Annotator "TA"]
[PlyCount "107"]
[EventDate "2018.??.??"]
[EventCountry "RUS"]
[SourceTitle "playchess.com"]
[Source "ChessBase"]
[SourceQuality "1"]

{[%evp 11,107,26,37,27,55,48,51,54,68,62,56,59,75,34,44,23,50,10,6,19,26,24,52,44,35,29,30,37,33,32,44,9,47,39,85,78,82,88,94,73,73,61,68,69,76,38,42,45,45,22,120,113,116,139,137,129,156,156,183,181,180,180,268,276,349,0,0,0,0,0,8,8,8,0,37,33,32,16,27,0,0,0,0,0,0,0,0,0,0,0,1011,756,600,416,379,253,5057,5057]} 1. e4 c6 2. d4 d5 3. Nd2 dxe4 4. Nxe4 Nd7 5. Nf3 Ngf6 6. Nc3 Nb6 {LiveBook: 5 Games. B17: Caro-Kann: Modern Line (4...Nd7)} (6... e6 7. Bf4 b6 8. Bd3 Bb7 9. O-O Be7 10. Qe2 O-O 11. Rad1 c5 12. dxc5 Bxc5 13. Ne5 Qe7 14. Nxd7 Nxd7 {½-½ (42) Dominguez Perez,L (2726)-Wojtaszek,R (2744) Beijing 2014}) 7. h3 g6 8. Bd3 Bg7 {White is slightly better.} 9. O-O O-O 10. Re1 Qc7 $146 ({Predecessor:} 10... Be6 11. Ne2 Bd5 12. Nd2 Nfd7 13. c4 Be6 14. Qb3 Bxd4 15. Nxd4 Nc5 16. Qc3 Nxd3 17. Rxe6 Nxc1 {1-0 (62) Ermolaev,A (2394)-Brunsteins,D (2402) LSS email 2009}) 11. Bg5 {[%cal Bc1g5,Bg5h4,Bh4f6,Bf6e5][%mdl 32]} e6 12. Ne5 Nfd5 {[%cal Bf6d5,Bd5f4,Bf4h5][%mdl 32]} 13. Bh4 Nd7 {[%cal Rd7e5]} 14. Ne4 Nxe5 15. dxe5 Bxe5 {Threatens to win with ...f5.} 16. c4 Nf4 17. Nf6+ $1 Bxf6 $1 18. Bxf6 {And now Be5 would win.} Nh5 $1 {[%cal Rh5f6]} 19. Be5 Qe7 20. Be2 Rd8 21. Qc1 f6 (21... Ng7 {is more complex.} 22. Qc3 Ne8 23. c5 f6 24. Bg3 Kg7) 22. Bxh5 fxe5 23. Bf3 Qf6 24. Qc3 Rd4 25. Re3 Bd7 26. Rae1 Rd8 27. Rxe5 Bc8 28. Bg4 {[%cal Rg4e6]} Rd2 29. Qe3 {[%cal Rg4e6]} Kg7 30. Qxa7 ({Much worse is} 30. Bxe6 R8d3 $15) 30... R8d4 (30... Rf8 $11 {keeps the balance.}) 31. R5e2 $16 h5 32. Bf3 Rxe2 33. Bxe2 Rd2 34. Qb8 Bd7 35. Qxb7 {Black must now prevent Rd1.} Qxb2 {[#]} 36. Qc7 $1 Qxa2 (36... Rxe2 $142 37. Qxd7+ Kh6 38. Rxe2 Qxe2) 37. Qe5+ $18 Kf7 38. Bxh5 $2 ({Only move:} 38. Qf4+ $18 Kg7 39. Bf3) 38... gxh5 $11 39. Qxh5+ Ke7 40. Qg5+ Ke8 41. Qg8+ Ke7 42. Qg7+ Kd6 $1 43. Ra1 Qb2 $1 {[%cal Rb2g7]} ({Don't go for} 43... Qxc4 $2 44. Qf8+ Ke5 45. Re1+ Kd5 46. Qe7 $18) 44. Qf8+ Ke5 45. Kh2 Rxf2 46. Qg7+ Kf5 47. Ra5+ Ke4 48. Qg4+ Ke3 {[#] aiming for ...Qb8+.} 49. Ra3+ $1 {[%mdl 512]} Kd2 (49... Qxa3 50. Qg3+) 50. Qg3 $1 {[%cal Rg3f2]} Ke1 $2 {[%mdl 8192]} (50... Kd1 $11) 51. Rb3 Qc2 52. Rc3 Qd2 {Strongly threatening ...Qf4.} 53. Rd3 Qc2 $2 (53... Qf4) 54. Kg1 {Precision: White = 77%, Black = 50%.} ({Not} 54. Rxd7 Kf1 $18) 1-0

[Event "RUS-chT Premier League 2018"]
[Site "Sochi"]
[Date "2018.05.07"]
[Round "6"]
[White "Romanov, Evgeny"]
[Black "Tomashevsky, Evgeny"]
[Result "1-0"]
[WhiteElo "2619"]
[BlackElo "2714"]
[Annotator "TA"]
[PlyCount "69"]
[EventDate "2018.??.??"]
[EventCountry "RUS"]
[SourceTitle "playchess.com"]
[Source "ChessBase"]
[SourceQuality "1"]

{[%evp 20,69,25,30,23,24,16,21,14,20,21,23,23,12,20,2,14,25,36,50,118,118,111,108,119,102,110,96,95,89,103,109,146,151,201,147,150,165,185,151,356,365,360,356,479,471,470,468,469,468,468,461]} 1. c4 Nf6 2. Nc3 e5 3. Nf3 Nc6 4. g3 Bb4 5. Bg2 O-O 6. O-O e4 7. Ng5 Bxc3 8. bxc3 Re8 9. f3 e3 10. d3 {A29: English Opening: Four Knights Variation with 4 g3} d5 11. Qa4 {LiveBook: 5 Games} h6 12. cxd5 {White has an edge.} Nxd5 13. Ne4 f5 {[%cal Bf7f5,Bf5f4][%mdl 32]} 14. Nc5 f4 15. Bb2 (15. Ne4 Rb8 16. Qa3 Re6 17. c4 Nde7 {0-1 (54) Nakamura,H (2792)-Aronian,L (2809) Saint Louis 2017}) 15... Rb8 16. Rab1 ({Much weaker is} 16. gxf4 b5 $17) 16... Qe7 $146 ({Predecessor:} 16... b5 17. Qb3 Kh7 {½-½ (98) Piccirilli,F (2352)-Chamaev,A (2376) ICCF email 2014}) 17. c4 Nb6 18. Qa3 Bf5 19. gxf4 Qh4 (19... Rbd8 $14) 20. Qc3 $16 {[%csl Gb2][%cal Rc3g7] [#]} Re7 21. Qe1 $36 {[%mdl 2048] Black is under strong pressure.} Qxf4 22. Qg3 g5 23. Ne4 Nd7 24. Qe1 Kh7 25. Qc3 Bg6 26. Bc1 {[%cal Bb2c1,Bc1e3,Be3f4,Bf4g3][%mdl 32]} g4 27. d4 gxf3 28. exf3 {[%cal Be2f3,Bf3e4][%mdl 32]} Bxe4 29. fxe4 Qh4 $2 {[#]} (29... Qg4 $16 30. Qxe3 Rg7) 30. Bxe3 $18 Rg8 31. Bf4 Nf6 32. Bg3 {White is clearly winning.} Qg5 33. d5 Nxe4 34. Bxe4+ Rxe4 35. Qd3 {Precision: White = 90%, Black = 48%.} ({Don't do} 35. dxc6 Qc5+ 36. Rf2 bxc6 $18) 1-0

[Event "RUS-chT Premier League 2018"]
[Site "Sochi"]
[Date "2018.05.07"]
[Round "6"]
[White "Ponkratov, Pavel"]
[Black "Dubov, Daniil"]
[Result "1/2-1/2"]
[WhiteElo "2601"]
[BlackElo "2696"]
[Annotator "TA"]
[PlyCount "52"]
[EventDate "2018.??.??"]
[EventCountry "RUS"]
[SourceTitle "playchess.com"]
[Source "ChessBase"]
[SourceQuality "1"]

{[%evp 24,52,22,8,17,0,0,0,0,11,11,0,0,0,0,0,0,0,0,0,0,0,0,0,0,0,0,0,0,0,0]} 1. d4 Nf6 2. c4 g6 3. Nc3 d5 4. Nf3 {[%cal Bg1f3,Bf3d2,Bd2c4,Bc4b6][%mdl 32]} Bg7 5. cxd5 Nxd5 6. e4 Nxc3 7. bxc3 c5 8. Be3 Qa5 9. Nd2 {D85: Exchange Grünfeld: Unusual White 7th moves and lines with 7 Nf3} cxd4 (9... Bd7 10. Rb1 Qxc3 11. d5 b6 12. Bc4 O-O 13. O-O Qa5 14. Qe2 e6 15. e5 exd5 16. Bxd5 Nc6 {½-½ (79) Mamedyarov,S (2799)-Svidler,P (2765) Riadh 2017}) 10. Nc4 Qd8 11. cxd4 O-O 12. Rc1 f5 {[%cal Bf7f5,Bf5f4][%mdl 32]} 13. Qb3 {[#] LiveBook: 4 Games. Strongly threatening Nd6+.The position is equal.} f4 14. Nb6+ $146 (14. Bxf4 {feels hotter.} Be6 15. Be3 Bxd4 16. Be2 Nc6 17. O-O) ({Predecessor:} 14. Bxf4 Nc6 15. Ne5+ e6 16. Nxc6 bxc6 {½-½ (47) Mesquita,F (2341)-O'Grady,J (2296) ICCF email 2011}) 14... e6 15. Rxc8 Qxb6 16. Rxf8+ Kxf8 17. Qxb6 axb6 18. Bxf4 Nc6 19. d5 exd5 20. exd5 Ne5 21. h4 Rxa2 22. Rh3 Ra1+ 23. Ke2 Ra2+ 24. Ke1 Ra1+ 25. Ke2 Ra2+ 26. Ke1 Ra1+ 1/2-1/2

[Event "RUS-chT Premier League 2018"]
[Site "Sochi"]
[Date "2018.05.07"]
[Round "6"]
[White "Esipenko, Andrey"]
[Black "Fedoseev, Vladimir"]
[Result "1/2-1/2"]
[WhiteElo "2587"]
[BlackElo "2706"]
[Annotator "TA"]
[PlyCount "103"]
[EventDate "2018.??.??"]
[EventCountry "RUS"]
[SourceTitle "playchess.com"]
[Source "ChessBase"]
[SourceQuality "1"]

{[%evp 17,103,37,33,11,26,25,32,21,22,9,16,2,8,6,10,6,14,18,7,12,38,7,26,21,40,43,74,72,105,93,93,93,93,92,122,82,90,57,58,45,38,47,107,94,108,103,104,95,100,91,98,68,106,58,99,58,106,16,13,8,8,8,8,8,8,8,8,8,8,5,68,68,67,11,11,0,0,0,0,0,0,0,0,0,0,0,0,0]} 1. d4 Nf6 2. c4 e6 3. Nf3 d5 4. Nc3 Be7 5. Bf4 O-O 6. e3 b6 7. Be2 dxc4 {D37: Queen's Gambit Declined: 5 Bf4} 8. Bxc4 Ba6 9. Bxa6 Nxa6 {LiveBook: 10 Games. White is slightly better.} 10. Qa4 $146 ({Predecessor:} 10. Qe2 Qc8 11. O-O c5 12. Nb5 Qb7 13. Bd6 Rfd8 14. Bxe7 {½-½ (14) Nakamura,H (2792)-Bruzon Batista,L (2643) Tbilisi 2017}) 10... Nb4 11. O-O Nbd5 12. Nxd5 Nxd5 13. Bg3 Qe8 14. Qb3 c5 15. dxc5 Bxc5 16. Rac1 a5 17. a3 Rd8 18. Rc4 h6 19. Be5 Qd7 20. h3 Rc8 21. Rd1 {[#] Black must now prevent e4.} b5 22. Rc2 {And now e4 would win.} Qa7 23. e4 ({Don't play} 23. Qxb5 $6 Bxe3 24. Qe2 Rxc2 $11) 23... Nf6 24. Bxf6 $1 ({Reject} 24. Qxb5 Nxe4 25. Kh2 Bxf2 $15) 24... gxf6 25. Qxb5 Rc7 26. Kf1 Rfc8 27. Rdc1 (27. g3 {feels hotter.} Kg7 28. Qe2 Bb6 29. Rcd2 Qb7 30. Kg2) 27... Bb6 28. Qd3 Rxc2 29. Rxc2 Rd8 (29... Rxc2 $14 30. Qxc2 a4) 30. Qe2 $16 Bc5 31. g3 Bf8 32. Kg1 Qb7 33. Kg2 Rd6 34. h4 Bg7 35. h5 Kh7 36. Nd2 a4 37. Nc4 ({Better is} 37. Qc4 $16) 37... Rd4 $11 38. f3 Qb5 39. g4 f5 40. exf5 exf5 41. Ne3 Qxe2+ 42. Rxe2 fxg4 43. fxg4 {[%mdl 4096] Endgame KRB-KRN} Rd3 (43... Rf4 $11) 44. Nf5 $14 Bf6 45. Re4 (45. Rc2 $1 $14) 45... Bxb2 $11 {The position is equal.} 46. Re7 Bc1 47. Rxf7+ Kg8 48. Rg7+ Kh8 $1 49. Rg6 Kh7 50. Rg7+ Kh8 51. Rg6 Kh7 52. Rg7+ {Precision: White = 42%, Black = 51%.} 1/2-1/2

[Event "RUS-chT Premier League 2018"]
[Site "Sochi"]
[Date "2018.05.07"]
[Round "6"]
[White "Oparin, Grigoriy"]
[Black "Yumakhuzhin, Vadim"]
[Result "1-0"]
[WhiteElo "2584"]
[BlackElo "2184"]
[Annotator "TA"]
[PlyCount "97"]
[EventDate "2018.??.??"]
[EventCountry "RUS"]
[SourceTitle "playchess.com"]
[Source "ChessBase"]
[SourceQuality "1"]

{[%evp 18,97,75,66,64,63,81,63,72,6,13,0,0,0,0,0,43,47,41,42,47,27,95,92,105,104,108,114,109,73,175,154,169,171,165,170,256,306,323,161,169,142,143,161,160,168,152,158,216,224,247,232,430,450,430,273,529,522,517,511,498,489,649,654,576,270,652,646,615,610,811,809,809,760,787,783,769,691,769,705,679,627]} 1. Nf3 Nf6 2. g3 g6 3. Bg2 Bg7 4. c4 O-O 5. Nc3 d6 6. O-O c5 7. d4 Nc6 8. dxc5 dxc5 9. Be3 Nd7 10. Qc1 {LiveBook: 11 Games. E65: King's Indian: Fianchetto: 6...c5 7 0-0 without d5 by White} Re8 11. Rd1 Qa5 12. Nd2 $146 {White is better.} ({Predecessor:} 12. Bd2 Nd4 13. Nxd4 cxd4 14. Nd5 Qd8 15. Bf4 e5 16. Bg5 f6 17. Bd2 Nb6 {1-0 (39) Rapport,R (2674)-Bergez,L (2399) Haguenau 2013}) 12... Nd4 {next ...Qxc3 is good for Black.} 13. Bxd4 ({White should try} 13. Kh1 $16) 13... cxd4 $11 14. Nb5 Qb6 15. Nb3 e5 16. a4 $1 {[%cal Ba2a4,Ba4a5][%mdl 32]} a6 17. a5 Qd8 $1 18. Nd6 $1 {[%csl LRb7,LRe8]} Re7 19. c5 ({Don't go for} 19. Nxb7 $2 Bxb7 20. Bxb7 Rb8 $19) 19... Nf8 (19... Qc7 $11) 20. Nd2 $16 {[%cal Bb3d2,Bd2c4,Bc4d6][%mdl 32]} Rb8 21. b4 $36 {[%mdl 2048] White is on the roll.} Ne6 22. N2c4 Nc7 23. Qc2 Nb5 (23... Ne8 $16) 24. Nxb5 $1 $18 axb5 25. Nd6 Be6 26. Nxb5 h5 (26... Bf8 $142 27. Qd3 Bf5) 27. Nd6 h4 28. Qd2 ({Not} 28. gxh4 Rc7 $16) (28. b5 $142) 28... Rd7 29. b5 Bf8 30. Ne4 Bd5 31. Rdc1 h3 {[#]} 32. Bh1 $1 f5 {[#]} (32... Kg7 $16 33. c6 bxc6) 33. c6 $1 bxc6 34. bxc6 fxe4 $2 (34... Rc7) 35. cxd7 Qxd7 36. Qg5 Qe6 $2 (36... Qf5 {might work better.} 37. Qxf5 gxf5) 37. Rab1 Rxb1 38. Rxb1 Be7 39. Qh6 Bf8 40. Rb8 {[%csl Gh6][%cal Rb8f8]} Qd6 41. Rxf8+ Qxf8 42. Qxg6+ {White is clearly winning.} Qg7 43. Bxe4 Bxe4 44. Qxe4 {KQ-KQ} Qc7 45. Qg4+ Kf7 46. Qxh3 {Threatening mate with Qh7+.} Qxa5 47. Qf5+ Kg7 {intending ...Qe1+.} 48. Qe4 Kf6 49. Kg2 {Precision: White = 74%, Black = 42%.} 1-0